Responses for Show #2239 - Thursday, May 5, 1994

1994 College Championship quarterfinal game 4.

Contestants

[<< previous game]

Shawn Wrobel, a freshman from Stanford University

Benoy Chacko, a sophomore from the University of Michigan

Kristin Brewe, a senior from the University of Minnesota

[next game >>]

Jeopardy! Round responses

STATE CAPITALS
MONSTERS
PROVERBS
1949
THE CIRCLE
COMMON BONDS
    $100 6
Columbus

Shawn
    $100 1
the Loch Ness Monster

Kristin
    $100 8
its cover

Kristin
    $100 16
(Margaret) Mitchell

Shawn
    $100 20
(Kristin: What is a protractor?)

a compass

KristinBenoy
    $100 26
flags

Kristin
    $200 7
Providence

Benoy
    $200 2
the Yeti

Shawn
    $200 9
war

Benoy
    $200 17
Iran

Kristin
    $200 21
the diameter

Kristin
    $200 27
types of museums

Benoy
    $300 13
Des Moines

Shawn
    $300 3
(Shawn: What is a dragon?)

a giant bird

Shawn
Triple Stumper
    $300 10
a crocodile

Kristin
    $300 18
Israel

Shawn
    $300 22
90

Shawn
    $300 28
swamps

Kristin
    $400 14
(Benoy: What is... Raleigh?)

Richmond

BenoyShawn
    $400 4
a scorpion

Benoy
    $400 11
the flesh is weak

Benoy
    $400 19
Nuremberg

Benoy
    $400 24
the radius

Shawn
    $400 29
things you count

Kristin
    $500 15
(Benoy: What is Boise?)

Helena (Montana)

BenoyShawn
    $500 5
Charybdis

Benoy
    $500 12
(Kristin: What are slugs?)
[Laughter]

weeds

Kristin
Triple Stumper
    $500 23
Truman

Shawn
    $500 25
22/7

Benoy
    $500 30
(Kristin: What are islands?)

different kinds of dogs (terriers)

Kristin
Triple Stumper

Scores at the first commercial break (after clue 15):

Kristin Benoy Shawn
$0 $800 $1,200

Scores at the end of the Jeopardy! Round:

Kristin Benoy Shawn
$600 $2,000 $2,800

Double Jeopardy! Round responses

FAMOUS NAMES
TRAVEL & TOURISM
COMPOSERS
SUPREME COURT DECISIONS
CHILDREN'S LITERATURE
POTPOURRI
    $200 1
Lindbergh

Shawn
    $200 23
the Thames

Benoy
    $200 18
(Johann) Strauss

Benoy
    $200 6
vote

Benoy
    $200 7
Goldilocks

Shawn
    $200 13
In God We Trust

Kristin
    $400 2
Edison

Shawn
    $400 24
Lincoln

Kristin
    $400 19
(Stephen) Foster

Benoy
    $400 9
treaties

Kristin
    $400 8
Gulliver's Travels

Kristin
    $400 14
the solar wind

Kristin
    $600 3
(George) Gallup

Shawn
    $600 25
(Kristin: Who is Johnson?)
(Alex: Be more specific.)

Lyndon Baines Johnson

Kristin
    $600 20
Handel

Kristin
    $600 10
(Benoy: What is Vermont?)

New Hampshire

KristinBenoy
    $600 28
Anne of Green Gables

Kristin
    $600 15
gold, frankincense and myrrh

Kristin
    $800 4
George Balanchine

Kristin
    $800 26
Georgia

Benoy
    $800 21
(Edvard) Grieg

Shawn
    $800 11
(Ernesto) Miranda

Kristin
    $800 29
(Hugh) Lofting

Shawn
    $800 16
the Prince of Wales (Prince Charles)

Kristin
    $400 5
(Milton) Friedman

Kristin
    $1000 27
Toronto

Shawn
    $1000 22
(Kristin: Who is Tchaikovsky?)

Prokofiev

Kristin
Triple Stumper
    $1000 12
the Communist Party

Kristin
    $1000 30
Freaky Friday

Shawn
    $1000 17
Burma

Benoy

Scores at the end of the Double Jeopardy! Round:

Kristin Benoy Shawn
$8,200 $4,200 $7,800

Final Jeopardy! Round responses

THE BIBLE
BenoyWho is Samson?
$4,200
ShawnWho was Jacob
$2,500
KristinWho is [a letter or two scribbled out] Sampson
$1,000
Samson

Final scores:

Kristin Benoy Shawn
$9,200 $8,400 $5,300
Automatic semifinalist 2nd place: $1,000 if eliminated 3rd place: $1,000 if eliminated

Game dynamics:

Coryat scores:

Kristin Benoy Shawn
$8,800 $4,200 $7,800
23 R
(including 2 DDs),
4 W
15 R,
3 W
18 R
(including 1 DD),
1 W

Combined Coryat: $20,800

[game clues] [game scores] [suggest correction]

Game tape date: 1994-02-27
The J! Archive is created by fans, for fans. Scraping, republication, monetization, and malicious use prohibited; this site may use cookies and collect identifying information. See terms. The Jeopardy! game show and all elements thereof, including but not limited to copyright and trademark thereto, are the property of Jeopardy Productions, Inc. and are protected under law. This website is not affiliated with, sponsored by, or operated by Jeopardy Productions, Inc. Join the discussion at JBoard.tv.